| 000 | 01188nam a2200349 i 4500 | ||
|---|---|---|---|
| 001 | 020391947 | ||
| 003 | EG-ScBUE | ||
| 005 | 20230216052629.0 | ||
| 008 | 211112t2023 maua f d 001 0 eng d | ||
| 020 | _a9780357715222 | ||
| 020 | _a0357715225 | ||
| 040 |
_aStDuBDS _beng _erda _cStDuBDS _dEG-ScBUE |
||
| 082 | 0 | 4 |
_a658.1511 _222 _bWAR |
| 100 | 1 |
_aWarren, Carl S., _eauthor. |
|
| 245 | 1 | 0 |
_aManagerial accounting / _cCarl Warren, professor emeritus of accounting, University of Georgia, Athens, William Tayler, professor of accounting, Brigham Young University. |
| 250 | _aSixteenth edition. | ||
| 264 | 1 |
_aBoston, MA : _bCengage Learning, Inc., _c[2023] |
|
| 264 | 4 | _cc2023 | |
| 300 |
_a1 volume (various paging) : _bcolor illustrations ; _c32 cm |
||
| 336 |
_atext _2rdacontent _btxt |
||
| 337 |
_aunmediated _2rdamedia _bn |
||
| 338 |
_avolume _2rdacarrier _bnc |
||
| 500 | _aIncludes index. | ||
| 500 | _aIncludes glossary. | ||
| 500 | _aIncludes appendix. | ||
| 650 | 7 |
_aManagerial accounting. _2BUEsh |
|
| 653 |
_bBUSADM _cFebruary2023 |
||
| 655 | _vReading book | ||
| 700 | 1 |
_aTaylor, William James, _eauthor. |
|
| 942 |
_2ddc _cBB |
||
| 999 |
_c30162 _d30133 |
||